00758nam a22001937a 4500008004000000020001500040050002100055100002800076245012800104250001100232260004600243300003400289504003200323650003900355650002800394700004400422700003200466710006600498121122t sp||||| |||| 00| 0 spa d a8479785446 aHV5740bM67 20031 aMoreno Arnedillo, J. J.10aTabaquismob : programa para dejar de fumarc / J. J. Moreno Arnedillo, F. J. Herrero García de Osma, Rivero García, A. a2a ed. aMadrid : bAyuntamiento de Madrid, c2003 axii, 267 p. :bil. ; c23 cm. aBibliografía : p. 263-267 aTabaquismoxPrevención y control 72LEMBaHábito de fumar aHerrero García de Osma, F. J.ecoaut. aRivero García, A.ecoaut.1 aEspañabCentro de Prevención del Alcoholismo y Tabaquismo